| 000 | 00917nam a2200241 a 4500 | ||
|---|---|---|---|
| 001 | 000566739 | ||
| 003 | AM-YeHGA | ||
| 005 | 20250618073317.0 | ||
| 008 | 080211s1835 it r 000 0 arm d | ||
| 040 | _aAM-YeHGA | ||
| 041 | 1 | _aarm | |
| 100 |
_aԿեսներ Սողոմոն _95666 |
||
| 245 | 1 | 0 |
_aՔերթուած ի մահն Աբելի / _cՍող. Կեսներ; Թարգմ. Տն. Հ. Մանուէլի Վ. Ջախջախեան. |
| 260 |
_aՎենետիկ : _bԻ Տպարանի Ս. Ղազարու, _c1835. |
||
| 300 |
_a272 էջ : _bնկ. _c |
||
| 504 | _aՇարվ. 10x5 սմ | ||
| 546 | _aԳրաբար | ||
| 650 | 1 | 4 |
_aԳերմանական գրականություն _95149 |
| 700 | 1 |
_aՋախջախեան, Մանուէլ _eթարգմ․ _4trl |
|
| 856 | 4 |
_uhttp://greenstone.flib.sci.am/gsdl/collect/armbook/books/qertuac_i_mahn_abeli.pdf _yԿարդալ առցանց |
|
| 942 |
_2udc _cBK |
||
| 090 | _c224818 | ||
| 999 |
_c223283 _d223283 |
||